000 01003nam a2200277 i 4500
001 18637
003 ES-MaACL
005 20240228152658.0
007 t|
008 020218s1998 sp ||||0| spa
020 _a84-88306-47-4
080 _a946.0"18"
080 _a32 Cánovas del Castillo
245 0 0 _aCánovas y la vertebración de España
_b: Universidad Euroamericana Marqués de Santillana, Guadalajara 1997 /
_c[autores] Miguel Alonso Baquer ... [et al.].
260 _aMadrid :
_bFundación Cánovas del Castillo,
_c[1998]
300 _a382 p ;
_c21 cm.
490 1 _aVeintiuno
600 1 4 _aCánovas del Castillo, Antonio,
_d1828-1897
_934600
651 4 _aEspaña-
_xHistoria-
_z1843-1868, Isabel II
_98256
700 1 _aAlonso Baquer, Miguel.
_920258
710 2 _aUniversidad Euroamericana Marqués de Santillana.
_97375
710 2 _aFundación Cánovas del Castillo.
_94244
830 1 _aVeintiuno
_9180481
852 _aES-MaACL
_jL-25212
999 _c18637
_d18637